000 01202nam a22003377a 4500
003 CHAP
005 20220329140221.0
008 971013s1980 r 00010 d
010 _a48694
011 _a49666
035 _a53816
040 _cCHAP
090 _aTesis
100 0 0 _aVelázquez Loera, Alejandro.
_9118559
245 _aComparación de diez métodos de estratificación del ambiente para dar recomendaciones de producción de maíz en la parte oriental del Estado de México
260 _aChapingo, Méx. :
_bEl autor,
_c1980
300 _a150 h.
_b; mapas
502 _aTesis (M.C. Esp. en Suelos) -- CP. Centro de Edafología
590 _aALEPH
_b10
_c20130110
_lUCH01
_h1320
590 _aBATCH-UPD
_b10
_c20130110
_lUCH01
_h2036
590 _aBATCH-UPD
_b10
_c20130410
_lUCH01
_h1351
590 _aBATCH-UPD
_b10
_c20130914
_lUCH01
_h1752
590 _aCONVERSION
_b10
_c20130109
_lUCH01
_h1327
650 1 4 _aMaíz
_xRendimiento.
_971051
650 1 4 _aMaíz
_zMéxico (Edo.).
_971099
901 _aBK
942 _cFOLL
949 _bBC
_cTES
_d-119095
_eTS1
_i53816
_si
949 _bBC
_cTES
_d33724000692976
_eTS2
_fc.2
_i53816
_sb
949 _bBC
_cTES
_d33724000692984
_eTS2
_fc.3
_i53816
_sb
999 _c48694
_d48694